000 00733nam a22002057a 4500
003 NUST-PNEC
005 20170116180856.0
008 140512b xxu||||| |||| 00| 0 eng d
020 _a9788126515837
040 _cPNEC
082 _a620.106 FOX
100 _96031
_aFox, Robert W.
245 _aIntroduction to fluid mechanics
_bFundamentals and applications (in SI units)
_cRobert W. Fox
250 _a5th ed.
260 _bWiley India,
_cc.2004
300 _a762 p. :
_bill. :
_c24 cm.
500 _aIncludes index. http://www.amazon.com/Fluid-Mechanics-Fundamentals-Applications-Unit/dp/0070700346/ref=sr_1_1?s=books&ie=UTF8&qid=1399880437&sr=1-1&keywords=0070700346
650 _xME
_96033
_aFluid mechanics
942 _2ddc
_cBK
999 _c64821
_d64821